Movies Quiz

Random Movies or Letter Quiz

Barbara Stanwyck's ABCs Quiz Stats

 Plays Quiz not verified by Sporcle

Challenge
Share
Tweet
Embed
Score 0/22 Timer 10:00
0 Plays Today
letter film(s) % Correct
BBall of Fire ...
95.3%
SSorry, Wrong Number ...
90.7%
DDouble Indemnity ...
88.4%
LThe Lady Eve ...
83.7%
MMeet John Doe ...
79.1%
CChristmas in Connecticut ...
65.1%
FThe Furies ...
60.5%
TThe Two Mrs. Carrolls ...
60.5%
NNight Nurse ...
51.2%
RRoustabout ...
51.2%
AAnnie Oakley ...
46.5%
letter film(s) % Correct
EExecutive Suite ...
44.2%
JGolden Boy ...
44.2%
UUnion Pacific
37.2%
JKJeopardy
34.9%
IIllicit ...
30.2%
WWalk on the Wild Side ...
30.2%
XYZYou Belong to Me
27.9%
PQThe Purchase Price ...
20.9%
HHollywood Canteen ...
18.6%
OThe Other Love
11.6%
VThe Violent Men
11.6%

You're not logged in!

Compare scores with friends on all Sporcle quizzes.
OR
Log In

You Might Also Like...

Show Comments

Extras

Top Quizzes Today


Score Distribution

Your Account Isn't Verified!

In order to create a playlist on Sporcle, you need to verify the email address you used during registration. Go to your Sporcle Settings to finish the process.

Report this User

Report this user for behavior that violates our Community Guidelines.

Details: